Repo men (Record no. 79996)

MARC details
000 -LEADER
fixed length control field 00980cab a22001935a 4500
001 - CONTROL NUMBER
control field L142968
008 - FIXED-LENGTH DATA ELEMENTS--GENERAL INFORMATION
fixed length control field 080326e20080320xxk f 000 0 eng d
035 ## - SYSTEM CONTROL NUMBER
System control number (Sirsi) u142968
041 0# - LANGUAGE CODE
Language code of text/sound track or separate title eng
100 1# - MAIN ENTRY--PERSONAL NAME
Personal name Morrison, Doug
245 00 - TITLE STATEMENT
Title Repo men
260 ## - PUBLICATION, DISTRIBUTION, ETC.
Date of publication, distribution, etc. 2008
490 ## - SERIES STATEMENT
Series statement Property Week
Volume/sequential designation 73(12) 20 March 2008, 46-47(2)
520 ## - SUMMARY, ETC.
Summary, etc. Reports on an increase in residential properties being sent for distressed sales at auction. First time buyers are being attracted to auction rooms in search of bargains, as well as dealers and speculators. However buy-to-let investors are not present in numbers at the moment. Repossessions rose by 27% in 2007. Suggests that this may be the first harbinger of a housing market downtown. Covers the trend to sale-and-rent-back, which is a new solution available to homeowners in need of a last resort to avoid the stigma of repossession.
590 ## - LOCAL NOTE (RLIN)
Local note KA
651 #4 - SUBJECT ADDED ENTRY--GEOGRAPHIC NAME
Geographic name United Kingdom
Chronological subdivision
690 ## - LOCAL SUBJECT ADDED ENTRY--TOPICAL TERM (OCLC, RLIN)
Topical term or geographic name as entry element Auctioneering
9 (RLIN) 6218
942 ## - ADDED ENTRY ELEMENTS (KOHA)
Suppress in OPAC 0
Holdings
Withdrawn status Lost status Source of classification or shelving scheme Damaged status Not for loan Home library Current library Shelving location Date acquired Total Checkouts Full call number Barcode Date last seen Copy number Price effective from Koha item type
    Dewey Decimal Classification     London London Journal article 26/03/2008   L142968 142968-1001 06/08/2019 1 06/08/2019 Journal article